[Event "SportAccord Blitz Men 2013"]
[Site "Beijing CHN"]
[Date "2013.12.16"]
[Round "28.3"]
[White "Le, Quang Liem"]
[Black "Wang, Yue"]
[Result "1/2-1/2"]
[WhiteTitle "GM"]
[BlackTitle "GM"]
[WhiteElo "2703"]
[BlackElo "2723"]
[WhiteFideId "12401137"]
[BlackFideId "8601429"]
[EventDate "2013.12.14"]

1. d4 d5 2. c4 c6 3. cxd5 cxd5 4. Bf4 Nc6 5. e3 e6 6. Nc3 Bd6 7. Bxd6 Qxd6 8.
Bd3 Nge7 9. Rc1 O-O 10. Nf3 h6 11. O-O Bd7 12. Na4 Rfc8 13. Nc5 Rc7 14. Qb3 Nd8
15. Rc3 Be8 16. Rfc1 Rac8 17. h3 b6 18. Na6 Rxc3 19. Rxc3 Rxc3 20. Qxc3 Bc6 21.
Ne5 Bb7 22. Nc7 Ndc6 23. Nb5 Qb8 24. Qa3 a5 25. Qd6 Qxd6 26. Nxd6 Nxe5 27. dxe5
Bc6 28. f4 f6 29. Kf2 Kf8 30. g4 fxe5 31. fxe5 Be8 32. Ke2 Bg6 33. Bb5 Bb1 34.
Bd7 Bxa2 35. Bxe6 Ng6 36. Nc8 b5 37. Kd3 Nxe5+ 38. Kd4 Nf3+ 39. Kd3 Ne5+ 40. Kd4
Nf3+ 41. Kd3 Bc4+ 42. Kc2 a4 43. Nb6 Bb3+ 44. Kd3 Ne5+ 45. Kd4 Nc4 46. Nxc4 dxc4
47. Kc3 Ke7 48. Bf5 Kd6 49. Kb4 Ke5 50. Bd7 Ke4 51. Bxb5 Kxe3 52. Bxc4 Bxc4 53.
Kxc4 Kd2 54. Kb4 Kc2 55. Ka3 g5 56. Ka2 Kc1 57. Ka1 Kc2 58. Ka2 Kc1 59. Ka1 1/2-1/2

[Event "SportAccord Blitz Men 2013"]
[Site "Beijing CHN"]
[Date "2013.12.16"]
[Round "28.4"]
[White "Kamsky, Gata"]
[Black "Ivanchuk, Vassily"]
[Result "1/2-1/2"]
[WhiteTitle "GM"]
[BlackTitle "GM"]
[WhiteElo "2721"]
[BlackElo "2731"]
[WhiteFideId "2000024"]
[BlackFideId "14100010"]
[EventDate "2013.12.14"]

1. Nf3 b6 2. g3 Bb7 3. Bg2 g6 4. O-O Bg7 5. c4 c5 6. Nc3 Nf6 7. b3 Ne4 8. Bb2
Nxc3 9. Bxc3 Bxc3 10. dxc3 d6 11. Qd2 h6 12. Rad1 Nd7 13. Nh4 Bxg2 14. Nxg2 Nf6
15. f3 Kf8 16. Nf4 Kg7 17. Nd5 Nxd5 18. Qxd5 Qc7 19. Kg2 Rad8 20. Rd2 Rd7 21.
Rfd1 Rhd8 22. Qe4 Qb7 23. Qxb7 Rxb7 24. a4 h5 25. h4 Rbd7 26. Kf2 Rb7 27. Kg2
Rbd7 28. Kf2 Rb7 1/2-1/2

[Event "SportAccord Blitz Men 2013"]
[Site "Beijing CHN"]
[Date "2013.12.16"]
[Round "28.5"]
[White "Leko, Peter"]
[Black "Karjakin, Sergey"]
[Result "0-1"]
[WhiteTitle "GM"]
[BlackTitle "GM"]
[WhiteElo "2730"]
[BlackElo "2756"]
[WhiteFideId "703303"]
[BlackFideId "14109603"]
[EventDate "2013.12.14"]

1. e4 c5 2. Nf3 d6 3. d4 cxd4 4. Nxd4 Nf6 5. Nc3 a6 6. Be3 e5 7. Nf3 Be7 8. Bc4
O-O 9. O-O Qc7 10. Nd5 Nxd5 11. Bxd5 Nd7 12. Qd3 Nf6 13. Bb3 Bd7 14. Nd2 Rac8
15. Rfd1 Bb5 16. c4 Bc6 17. f3 Nd7 18. Nf1 Nc5 19. Qe2 Ne6 20. Bf2 Bg5 21. Ne3
Nd4 22. Qd3 g6 23. Nc2 Nxc2 24. Bxc2 Rfd8 25. Qe2 h5 26. b3 Qe7 27. a4 h4 28. h3
Bd7 29. Rd3 Be6 30. Rad1 Kg7 31. Be3 Bxe3+ 32. Rxe3 Qg5 33. Kh1 b5 34. axb5 axb5
35. Rc3 bxc4 36. bxc4 Rc5 37. Ba4 Ra5 38. Bb5 Rda8 39. Rcd3 Ra2 40. R3d2 Rxd2
41. Qxd2 Qg3 42. Rf1 Ra3 43. Qb2 Re3 44. Qd2 Ra3 45. Qb2 Bxh3 46. gxh3 Rxf3 47.
Rxf3 Qxf3+ 48. Qg2 Qf4 49. Qg4 Qf1+ 50. Kh2 Qf2+ 51. Kh1 Kh6 52. Qg2 Qe1+ 53.
Kh2 Qe3 54. Qg4 Qf2+ 55. Qg2 Qf4+ 56. Kh1 Kh5 57. Bc6 Qc1+ 58. Kh2 Qf4+ 59. Kh1
Qc1+ 60. Qg1 Qf4 61. Bd5 Kh6 62. Qg2 Kg7 63. Qg4 Qf1+ 64. Kh2 Qf2+ 65. Qg2 Qf4+
66. Kh1 Kh6 67. Kg1 Kg7 68. Qf2 Qg5+ 69. Kh2 f6 70. c5 dxc5 71. Qg2 0-1

[Event "SportAccord Blitz Men 2013"]
[Site "Beijing CHN"]
[Date "2013.12.16"]
[Round "28.6"]
[White "Wang, Hao"]
[Black "Radjabov, Teimour"]
[Result "1/2-1/2"]
[WhiteTitle "GM"]
[BlackTitle "GM"]
[WhiteElo "2735"]
[BlackElo "2713"]
[WhiteFideId "8602883"]
[BlackFideId "13400924"]
[EventDate "2013.12.14"]

1. d4 f5 2. Nc3 d5 3. Bf4 Nf6 4. e3 e6 5. Nf3 Bd6 6. Be2 O-O 7. O-O c6 8. Bxd6
Qxd6 9. Na4 Nbd7 10. b3 e5 11. dxe5 Nxe5 12. c4 Be6 13. Nxe5 Qxe5 14. Nc5 Ne4
15. Nxe6 Nc3 16. Qd2 Nxe2+ 17. Qxe2 Qxe6 18. cxd5 Qxd5 19. Rad1 Qe6 20. Qd2 a5
21. Qd4 a4 22. Qb6 axb3 23. axb3 Rf7 24. Rd4 Raf8 25. g3 Rd7 26. Rfd1 Rff7 27.
b4 h6 28. h4 Kh7 29. h5 Rfe7 30. Qc5 Rxd4 31. Qxd4 Qf7 32. Qc5 Qxh5 33. Rd8 Qf7
34. Qd6 Qe6 35. Qd4 Qe4 36. Qd6 Qe5 37. Qd3 Qf6 38. Kg2 Rf7 39. Re8 g6 40. Qc4
h5 41. Qf4 Re7 42. Rd8 Qe6 43. Qb8 Qe4+ 44. Kg1 Qe5 45. Qxe5 Rxe5 46. Rd7+ Kh6
47. Rxb7 Rb5 48. Rc7 Rxb4 49. Rxc6 h4 50. gxh4 Rg4+ 51. Kf1 Rxh4 1/2-1/2

[Event "SportAccord Blitz Men 2013"]
[Site "Beijing CHN"]
[Date "2013.12.16"]
[Round "28.7"]
[White "Ponomariov, Ruslan"]
[Black "Dominguez Perez, Leinier"]
[Result "1-0"]
[WhiteTitle "GM"]
[BlackTitle "GM"]
[WhiteElo "2731"]
[BlackElo "2754"]
[WhiteFideId "14103320"]
[BlackFideId "3503240"]
[EventDate "2013.12.14"]

1. e4 d6 2. d4 Nf6 3. f3 g6 4. Ne2 Bg7 5. Be3 O-O 6. Qd2 c5 7. Nbc3 Qa5 8. g4
Nc6 9. h4 b5 10. h5 b4 11. Nd5 Nxd5 12. exd5 cxd4 13. Bh6 Ne5 14. Bg2 Nc4 15.
Qf4 Be5 16. Qe4 f5 17. gxf5 Bxf5 18. Qh4 Ne3 19. Bh3 Qxd5 20. Bxf8 Rxf8 21. hxg6
Bxg6 22. Qxe7 Qxf3 23. Be6+ Kh8 24. Kd2 Qf6 25. Qxf6+ Rxf6 26. Bb3 Rf2 27. Rag1
Ng2 28. Kd1 d3 29. cxd3 Bxd3 30. Nc1 Be4 31. Rh3 Bf4 32. Ne2 Be5 33. Bc4 Bf5 34.
Rh5 Ne3+ 35. Ke1 Rg2 36. Rxg2 Nxg2+ 37. Kf2 Bg6 38. Rxe5 dxe5 39. Kxg2 Kg7 40.
Nc1 Kf6 41. Nd3 a5 42. Nc5 e4 43. Kf2 Ke5 44. Ke3 h5 45. Bf1 Kd5 46. Nb3 a4 47.
Nd2 a3 48. b3 h4 49. Bg2 Ke5 50. Bh3 Bf7 51. Bg2 Bd5 52. Bh3 Bf7 53. Bf1 Be6 54.
Nc4+ Kd5 55. Bg2 Kc5 56. Nd2 Bd5 57. Bxe4 h3 58. Bxd5 Kxd5 59. Nf3 Kc5 60. Ke4
Kc6 61. Kd4 Kd6 62. Kc4 Ke6 63. Ng5+ 1-0

[Event "SportAccord Blitz Men 2013"]
[Site "Beijing CHN"]
[Date "2013.12.16"]
[Round "28.8"]
[White "Vachier-Lagrave, Maxime"]
[Black "Giri, Anish"]
[Result "1/2-1/2"]
[WhiteTitle "GM"]
[BlackTitle "GM"]
[WhiteElo "2745"]
[BlackElo "2734"]
[WhiteFideId "623539"]
[BlackFideId "24116068"]
[EventDate "2013.12.14"]

1. Nf3 g6 2. e4 c5 3. d4 cxd4 4. Qxd4 Nf6 5. Nc3 Nc6 6. Qa4 d6 7. e5 dxe5 8.
Nxe5 Bd7 9. Nxd7 Nxd7 10. Bb5 Bg7 11. O-O O-O 12. Bxc6 Nb6 13. Qe4 bxc6 14. Rd1
Qc7 15. Bf4 Qb7 16. Be5 Bxe5 17. Qxe5 Nc4 18. Qe2 Nd6 19. b3 Rad8 20. Rd3 Nb5
21. Rad1 Nxc3 22. Rxc3 Rd5 23. Re1 Rfd8 24. h3 e6 25. Qc4 c5 26. Rd3 Rxd3 27.
cxd3 Qd5 28. Rc1 Qxc4 29. Rxc4 Rxd3 30. Rxc5 Rd1+ 31. Kh2 Rd2 32. Ra5 Rxf2 33.
Rxa7 e5 34. Kg1 Rb2 35. g4 h6 36. Re7 Rxa2 37. Rxe5 Rb2 38. Re3 Kg7 39. Rf3 Kf8
40. Re3 Kg7 41. Rf3 Kf8 42. Re3 Kg7 1/2-1/2

[Event "SportAccord Blitz Men 2013"]
[Site "Beijing CHN"]
[Date "2013.12.16"]
[Round "29.1"]
[White "Vachier-Lagrave, Maxime"]
[Black "Aronian, Levon"]
[Result "0-1"]
[WhiteTitle "GM"]
[BlackTitle "GM"]
[WhiteElo "2745"]
[BlackElo "2803"]
[WhiteFideId "623539"]
[BlackFideId "13300474"]
[EventDate "2013.12.14"]

1. e4 e5 2. Nf3 Nc6 3. Bb5 Nf6 4. O-O Nxe4 5. Re1 Nd6 6. Nxe5 Be7 7. Bf1 Nxe5 8.
Rxe5 O-O 9. Nc3 Ne8 10. d4 Bf6 11. Re1 d5 12. Ne2 c6 13. c3 Bf5 14. Ng3 Bg6 15.
Bd3 Nc7 16. Nf5 Ne6 17. Qg4 c5 18. dxc5 Nxc5 19. Bc2 Ne4 20. Be3 Qc8 0-1

[Event "SportAccord Blitz Men 2013"]
[Site "Beijing CHN"]
[Date "2013.12.16"]
[Round "29.2"]
[White "Giri, Anish"]
[Black "Ponomariov, Ruslan"]
[Result "0-1"]
[WhiteTitle "GM"]
[BlackTitle "GM"]
[WhiteElo "2734"]
[BlackElo "2731"]
[WhiteFideId "24116068"]
[BlackFideId "14103320"]
[EventDate "2013.12.14"]

1. d4 f5 2. Nf3 Nf6 3. g3 g6 4. Bg2 Bg7 5. O-O O-O 6. c4 d6 7. Nc3 c6 8. b3 Na6
9. Bb2 Qc7 10. d5 e5 11. dxe6 Bxe6 12. Ng5 Bd7 13. Qc2 Rad8 14. Rad1 Nc5 15. e3
a5 16. Rfe1 Bc8 17. Qb1 Rfe8 18. Qc2 Qe7 19. Nf3 Ng4 20. h3 Ne5 21. Nd4 Nf7 22.
f4 Qc7 23. Kh2 Re7 24. Re2 Rde8 25. Rde1 Qb6 26. Qd1 a4 27. Nxa4 Nxa4 28. bxa4
Bd7 29. Qb3 Qa7 30. Bc3 Qa6 31. a5 Bc8 32. a4 h5 33. Nf3 Bxc3 34. Qxc3 Be6 35.
Qf6 Nh8 36. Rd2 Rf7 37. Qb2 Rd7 38. c5 d5 39. Qc3 Ra8 40. Qf6 Bf7 41. Ne5 Rc7
42. e4 fxe4 43. f5 Qxa5 44. Rde2 Qc3 45. Qd6 Re8 46. Qxc7 Qxe5 47. Qxb7 h4 48.
fxg6 Nxg6 49. Rf1 Re7 50. Qxc6 Qxg3+ 51. Kh1 Nf4 52. Rb2 Kg7 53. Rb6 Qxg2# 0-1

[Event "SportAccord Blitz Men 2013"]
[Site "Beijing CHN"]
[Date "2013.12.16"]
[Round "29.3"]
[White "Dominguez Perez, Leinier"]
[Black "Wang, Hao"]
[Result "1/2-1/2"]
[WhiteTitle "GM"]
[BlackTitle "GM"]
[WhiteElo "2754"]
[BlackElo "2735"]
[WhiteFideId "3503240"]
[BlackFideId "8602883"]
[EventDate "2013.12.14"]

1. e4 c5 2. Nf3 Nc6 3. d4 cxd4 4. Nxd4 Qb6 5. Nb3 Nf6 6. Nc3 e6 7. Qe2 a6 8. e5
Nd5 9. Nxd5 exd5 10. g3 d6 11. exd6+ Be6 12. Bf4 O-O-O 13. Bg2 Bxd6 14. Bxd6
Rxd6 15. O-O Rhd8 16. c3 Kb8 17. Rad1 d4 18. Bxc6 Bxb3 19. axb3 d3 20. Qe5 f6
21. Qf4 g5 22. Qf5 Qxc6 23. Rd2 h5 24. Rfd1 Rd5 25. Qf3 g4 26. Qe4 f5 27. Qc4
Qd6 28. Qf4 Qxf4 29. gxf4 b5 30. b4 Kb7 31. Kg2 h4 32. f3 Re8 33. fxg4 fxg4 34.
Rxd3 Rxd3 35. Rxd3 Re2+ 36. Kg1 Rxb2 37. f5 Rb1+ 38. Kg2 Rb2+ 39. Kg1 Rb1+ 40.
Kg2 Rb2+ 41. Kg1 Rb1+ 42. Kg2 Rb2+ 1/2-1/2

[Event "SportAccord Blitz Men 2013"]
[Site "Beijing CHN"]
[Date "2013.12.16"]
[Round "29.4"]
[White "Radjabov, Teimour"]
[Black "Leko, Peter"]
[Result "1/2-1/2"]
[WhiteTitle "GM"]
[BlackTitle "GM"]
[WhiteElo "2713"]
[BlackElo "2730"]
[WhiteFideId "13400924"]
[BlackFideId "703303"]
[EventDate "2013.12.14"]

1. Nf3 Nf6 2. c4 c5 3. Nc3 Nc6 4. e3 e6 5. d4 d5 6. a3 a6 7. dxc5 Bxc5 8. b4 Bd6
9. Bb2 O-O 10. cxd5 exd5 11. Be2 Re8 12. O-O Bg4 13. Rc1 Rc8 14. Re1 Bb8 15. Na4
Qd6 16. g3 Ne4 17. Nc5 Nxc5 18. Rxc5 Rcd8 19. Rc2 Ba7 20. Rd2 h6 21. Nd4 Bxe2
22. Qxe2 Bxd4 23. Bxd4 Qe6 24. Red1 Rd7 25. Bb2 Red8 26. Qf3 f6 27. Qe2 Ne7 28.
Bd4 Nc6 29. Bb2 Ne7 30. Bd4 Nc6 31. Bb2 Ne7 1/2-1/2

[Event "SportAccord Blitz Men 2013"]
[Site "Beijing CHN"]
[Date "2013.12.16"]
[Round "29.5"]
[White "Karjakin, Sergey"]
[Black "Kamsky, Gata"]
[Result "1-0"]
[WhiteTitle "GM"]
[BlackTitle "GM"]
[WhiteElo "2756"]
[BlackElo "2721"]
[WhiteFideId "14109603"]
[BlackFideId "2000024"]
[EventDate "2013.12.14"]

1. e4 b6 2. d4 Bb7 3. Bd3 e6 4. Nf3 g6 5. Bg5 Be7 6. Bf4 d6 7. Nbd2 Nd7 8. Qe2
Bf6 9. e5 dxe5 10. dxe5 Bg7 11. O-O-O Ne7 12. Ne4 Qc8 13. Bb5 Bc6 14. Bxc6 Nxc6
15. h4 h6 16. Nf6+ Bxf6 17. exf6 Qb7 18. Bxh6 O-O-O 19. Bg7 Rhe8 20. Ng5 e5 21.
Qe4 Nc5 22. Qg4+ Kb8 23. Nxf7 Rxd1+ 24. Rxd1 Nd4 25. Nxe5 Rxe5 26. f7 Rf5 27.
Qxf5 1-0

[Event "SportAccord Blitz Men 2013"]
[Site "Beijing CHN"]
[Date "2013.12.16"]
[Round "29.7"]
[White "Wang, Yue"]
[Black "Grischuk, Alexander"]
[Result "0-1"]
[WhiteTitle "GM"]
[BlackTitle "GM"]
[WhiteElo "2723"]
[BlackElo "2783"]
[WhiteFideId "8601429"]
[BlackFideId "4126025"]
[EventDate "2013.12.14"]

1. c4 g6 2. Nc3 Bg7 3. g3 c5 4. Bg2 Nc6 5. Nf3 d6 6. O-O e6 7. e3 Nge7 8. d4 O-O
9. d5 Na5 10. Nd2 exd5 11. cxd5 Rb8 12. a4 a6 13. Qc2 b5 14. axb5 axb5 15. e4 b4
16. Nd1 Ba6 17. Re1 c4 18. Qa4 Rb5 19. Nxc4 Nxc4 20. Qxa6 Rc5 21. Ne3 Nxb2 22.
Bd2 Bc3 23. Bxc3 bxc3 24. Rec1 Qb8 25. Ra3 Rfc8 26. Bh3 R8c7 27. Qxd6 Nd3 28.
Rc2 Qb1+ 29. Bf1 Ne1 30. Ra8+ Nc8 31. Qd8+ Kg7 32. e5 Nf3+ 33. Kg2 Nxe5 34. f4
Ng4 35. Nxg4 Qxc2+ 36. Kh3 Qf5 37. d6 c2 38. dxc7 c1=Q 39. Rxc8 Qxf1+ 0-1

[Event "SportAccord Blitz Men 2013"]
[Site "Beijing CHN"]
[Date "2013.12.16"]
[Round "29.8"]
[White "Mamedyarov, Shakhriyar"]
[Black "Nepomniachtchi, Ian"]
[Result "0-1"]
[WhiteTitle "GM"]
[BlackTitle "GM"]
[WhiteElo "2757"]
[BlackElo "2721"]
[WhiteFideId "13401319"]
[BlackFideId "4168119"]
[EventDate "2013.12.14"]

1. d4 Nf6 2. c4 g6 3. Nc3 d5 4. Nf3 Bg7 5. h4 O-O 6. h5 Nxh5 7. cxd5 c6 8. dxc6
Nxc6 9. e3 Bg4 10. Be2 Rc8 11. Ng5 Bxe2 12. Qxe2 Nf6 13. f4 e6 14. Bd2 a6 15.
O-O-O b5 16. Kb1 b4 17. Nce4 Nxe4 18. Nxe4 Qd5 19. Qf3 a5 20. Rc1 Nxd4 21. exd4
Qxd4 22. Nc3 bxc3 23. Bxc3 Qb6 24. g4 Bxc3 25. Rxc3 Rxc3 26. Qxc3 Rb8 27. b3 a4
28. Rd1 axb3 29. a3 Qf2 30. Qd2 Qf3 31. g5 b2 32. Qd6 Qe4+ 33. Rd3 Qb7 34. Rd4
Rc8 35. Qb4 Qh1+ 36. Kxb2 Qc1+ 0-1

[Event "SportAccord Blitz Men 2013"]
[Site "Beijing CHN"]
[Date "2013.12.16"]
[Round "30.1"]
[White "Aronian, Levon"]
[Black "Mamedyarov, Shakhriyar"]
[Result "1/2-1/2"]
[WhiteTitle "GM"]
[BlackTitle "GM"]
[WhiteElo "2803"]
[BlackElo "2757"]
[WhiteFideId "13300474"]
[BlackFideId "13401319"]
[EventDate "2013.12.14"]

1. d4 d5 2. c4 c6 3. Nf3 Nf6 4. Nc3 e6 5. e3 Nbd7 6. Bd3 dxc4 7. Bxc4 b5 8. Bd3
Bb7 9. a3 b4 10. Ne4 Nxe4 11. Bxe4 bxa3 12. O-O Bd6 13. Nd2 Qc7 14. Nc4 Be7 15.
b4 Ba6 16. Bd3 Bxb4 17. Ne5 Bb5 18. Qc2 Rc8 19. Nxd7 Qxd7 20. Bxa3 Bxa3 21. Rxa3
Bxd3 22. Rxd3 O-O 23. Ra1 c5 24. dxc5 Rxc5 25. Rxd7 Rxc2 26. g3 Rcc8 27. Raxa7
Rcd8 28. Re7 Rde8 29. Rec7 Rc8 30. Rcb7 Rb8 1/2-1/2

[Event "SportAccord Blitz Men 2013"]
[Site "Beijing CHN"]
[Date "2013.12.16"]
[Round "30.2"]
[White "Nepomniachtchi, Ian"]
[Black "Wang, Yue"]
[Result "1/2-1/2"]
[WhiteTitle "GM"]
[BlackTitle "GM"]
[WhiteElo "2721"]
[BlackElo "2723"]
[WhiteFideId "4168119"]
[BlackFideId "8601429"]
[EventDate "2013.12.14"]

1. e4 c5 2. Nf3 Nc6 3. Bb5 Nf6 4. d3 Qa5+ 5. Nc3 Nd4 6. Bc4 b5 7. Bb3 Nxb3 8.
cxb3 Bb7 9. O-O e6 10. Bg5 h6 11. Bh4 b4 12. Ne2 Be7 13. Nd2 d6 14. f4 Qd8 15.
Qe1 O-O 16. f5 exf5 17. Rxf5 Bc8 18. Rf1 Ng4 19. Bxe7 Qxe7 20. Nf4 Be6 21. h3
Ne5 22. Nc4 Qg5 23. Kh1 Bxc4 24. bxc4 Rae8 25. a3 b3 26. Qc3 f5 27. exf5 Rxf5
28. Nd5 Ref8 29. Rxf5 Rxf5 30. Qxb3 Rf2 31. Rg1 Kh7 32. Nc3 Qf4 33. Qb7 Nxd3 34.
Qe4+ Qxe4 35. Nxe4 Rxb2 36. Nxd6 Ra2 37. Rb1 Nf4 38. Rb7 Rxg2 39. Rxa7 Rg3 40.
h4 Rh3+ 41. Kg1 Rxh4 42. Rxg7+ Kxg7 43. Nf5+ Kf6 44. Nxh4 Ke5 45. a4 Kd4 46.
Nf5+ Kxc4 47. Nxh6 Kb4 48. Nf5 c4 49. Kf2 c3 50. Ke3 Kxa4 51. Nd4 Nd5+ 52. Kd3
Kb4 53. Ne2 Kb3 54. Nxc3 1/2-1/2

[Event "SportAccord Blitz Men 2013"]
[Site "Beijing CHN"]
[Date "2013.12.16"]
[Round "30.3"]
[White "Grischuk, Alexander"]
[Black "Ivanchuk, Vassily"]
[Result "1-0"]
[WhiteTitle "GM"]
[BlackTitle "GM"]
[WhiteElo "2783"]
[BlackElo "2731"]
[WhiteFideId "4126025"]
[BlackFideId "14100010"]
[EventDate "2013.12.14"]

1. e4 e5 2. Nf3 Nc6 3. Nc3 Nf6 4. Be2 d6 5. d4 exd4 6. Nxd4 g6 7. Bg5 Bg7 8.
Nxc6 bxc6 9. e5 dxe5 10. Qxd8+ Kxd8 11. O-O-O+ Ke7 12. Bf3 Bb7 13. Rhe1 Ke6 14.
Bxf6 Bxf6 15. Bg4+ Ke7 16. Rd7+ Kf8 17. Rxc7 Rb8 18. Rd1 h5 19. Bf3 Bc8 20. Rxa7
e4 21. Bxe4 Kg7 22. Bxc6 Be6 23. Bd5 Bxd5 24. Rxd5 Rhc8 25. Rdd7 Bg5+ 26. Kd1
Rxb2 27. Rxf7+ Kg8 28. Rfc7 Rxc7 29. Rxc7 Bf4 30. Rc6 Kf7 31. g3 Be5 32. a4 1-0

[Event "SportAccord Blitz Men 2013"]
[Site "Beijing CHN"]
[Date "2013.12.16"]
[Round "30.4"]
[White "Le, Quang Liem"]
[Black "Karjakin, Sergey"]
[Result "1/2-1/2"]
[WhiteTitle "GM"]
[BlackTitle "GM"]
[WhiteElo "2703"]
[BlackElo "2756"]
[WhiteFideId "12401137"]
[BlackFideId "14109603"]
[EventDate "2013.12.14"]

1. Nf3 Nf6 2. g3 d5 3. Bg2 e6 4. O-O Be7 5. b3 c5 6. Bb2 Nc6 7. e3 O-O 8. d4
cxd4 9. Nxd4 Bd7 10. Nd2 Nxd4 11. Bxd4 Bc6 12. c4 Rc8 13. Rc1 a6 14. cxd5 Bxd5
15. Rxc8 Qxc8 16. Bxf6 Bxf6 17. Bxd5 exd5 18. Nf3 Qf5 19. Kg2 Rc8 20. Re1 Qe4
21. h3 h5 22. h4 Rc3 23. Kg1 Rc2 24. Re2 Rxe2 25. Qxe2 d4 26. Nd2 Qc2 27. exd4
Bxd4 28. Qe8+ Kh7 29. Ne4 Kg6 30. Qe7 Bf6 31. Nxf6 gxf6 32. Qxb7 Qxa2 33. Qe4+
Kg7 34. Qf3 Qa1+ 35. Kh2 Qe5 36. Qd3 a5 37. Qc4 Qf5 38. Kg2 Qe5 39. Kf3 Qf5+ 40.
Ke3 Qe5+ 41. Kd2 Qb2+ 42. Qc2 Qd4+ 43. Ke2 Qe5+ 44. Kf1 Qd4 45. Qa2 Qd1+ 46. Kg2
Qd5+ 47. Kh2 Qf3 48. Qc2 f5 49. Qd2 f6 50. Qd7+ Kh6 51. Qd2+ Kg6 52. Qe3 Qxe3
53. fxe3 Kf7 54. Kg2 Ke6 55. Kf1 Kd5 56. Ke1 Kc5 57. Kd2 Kb4 58. Kc2 Kc5 59. Kc3
Kd5 60. Kd3 Ke5 61. Kc4 Ke4 62. Kb5 Kxe3 63. Kxa5 Kf3 64. b4 Kxg3 65. b5 f4 66.
b6 f3 67. b7 f2 68. b8=Q+ Kg2 69. Qb7+ Kg1 70. Qg7+ Kh2 71. Qxf6 Kg2 72. Qg5+
Kh2 73. Qe5+ Kg2 74. Qe4+ Kg1 75. Qe3 Kh1 76. Qf3+ Kg1 77. Qg3+ Kh1 78. Qf3+ Kg1
79. Qxh5 f1=Q 80. Qg5+ Kh2 81. Qe5+ Kh3 82. h5 Kg4 83. h6 Qh1 84. Qg7+ Kf5 85.
Qf7+ Kg5 86. h7 Qa1+ 87. Kb6 Kh6 88. Qg8 Qb1+ 89. Kc5 Qxh7 90. Qxh7+ Kxh7 1/2-1/2

[Event "SportAccord Blitz Men 2013"]
[Site "Beijing CHN"]
[Date "2013.12.16"]
[Round "30.5"]
[White "Kamsky, Gata"]
[Black "Radjabov, Teimour"]
[Result "1-0"]
[WhiteTitle "GM"]
[BlackTitle "GM"]
[WhiteElo "2721"]
[BlackElo "2713"]
[WhiteFideId "2000024"]
[BlackFideId "13400924"]
[EventDate "2013.12.14"]

1. d4 f5 2. g3 Nf6 3. Bg2 e6 4. Nf3 d5 5. O-O Bd6 6. c4 c6 7. b3 Qe7 8. Ne1 b6
9. Nd3 Bb7 10. Bf4 Bxf4 11. Nxf4 O-O 12. Nd2 Nbd7 13. e3 a5 14. Qc2 Rfc8 15.
Rfc1 Ba6 16. Qb2 g5 17. Nd3 b5 18. a3 bxc4 19. bxc4 Ne4 20. Nxe4 fxe4 21. Ne5
Nxe5 22. dxe5 Bxc4 23. Bxe4 Ba6 24. Bf3 a4 25. e4 Rab8 26. Qd2 Bc4 27. Bg4 Rf8
28. Rc2 Rb3 29. Qc1 Kg7 30. Rxc4 dxc4 31. Qxc4 Rxa3 32. Rd1 Rd8 33. Rxd8 Qxd8
34. Kg2 Rd3 35. Qxa4 Qc7 36. Bxe6 c5 37. Bd5 Qe7 38. e6 Rd2 39. Qa5 Rb2 40. Qc3+
Qf6 41. Qxc5 g4 42. Qc7+ Kg6 43. Qf4 h5 44. e5 Qxf4 45. gxf4 Rb8 46. Be4+ Kh6
47. Kg3 Rb3+ 48. f3 gxf3 49. Bxf3 Kg6 50. h4 Ra3 51. Kf2 Ra4 52. e7 1-0

[Event "SportAccord Blitz Men 2013"]
[Site "Beijing CHN"]
[Date "2013.12.16"]
[Round "30.6"]
[White "Leko, Peter"]
[Black "Dominguez Perez, Leinier"]
[Result "1/2-1/2"]
[WhiteTitle "GM"]
[BlackTitle "GM"]
[WhiteElo "2730"]
[BlackElo "2754"]
[WhiteFideId "703303"]
[BlackFideId "3503240"]
[EventDate "2013.12.14"]

1. e4 e5 2. Nf3 Nf6 3. Nxe5 d6 4. Nf3 Nxe4 5. d4 d5 6. Bd3 Nc6 7. O-O Be7 8.
Nbd2 Nxd2 9. Bxd2 Bg4 10. c3 Bh5 11. Re1 O-O 12. Bf4 Bd6 13. Bxd6 Qxd6 14. Bc2
Rfe8 15. Qd3 Bg6 16. Qd2 Bxc2 17. Qxc2 h6 18. h3 a6 19. Qd3 Qd7 20. h4 Rxe1+ 21.
Rxe1 Re8 22. g3 Rxe1+ 23. Nxe1 Ne7 24. Qe2 Nf5 25. Nd3 Nd6 26. Kg2 Kf8 27. Qe5
c6 28. Nc5 Qe7 29. Kf3 f6 30. Qxe7+ Kxe7 31. Nd3 Kf7 32. Nc5 Ke7 33. Nd3 Kf7 34.
Nc5 1/2-1/2

[Event "SportAccord Blitz Men 2013"]
[Site "Beijing CHN"]
[Date "2013.12.16"]
[Round "30.7"]
[White "Wang, Hao"]
[Black "Giri, Anish"]
[Result "0-1"]
[WhiteTitle "GM"]
[BlackTitle "GM"]
[WhiteElo "2735"]
[BlackElo "2734"]
[WhiteFideId "8602883"]
[BlackFideId "24116068"]
[EventDate "2013.12.14"]

1. d4 Nf6 2. c4 g6 3. Nf3 Bg7 4. g3 c5 5. d5 d6 6. Bg2 b5 7. cxb5 Qa5+ 8. Bd2
Qxb5 9. Bc3 O-O 10. O-O Bb7 11. Na3 Qa6 12. Ne1 Nbd7 13. e4 Nb6 14. Qc2 Na4 15.
Bxf6 Bxf6 16. Nc4 Qb5 17. Nd3 Ba6 18. Rac1 Qxc4 19. Qxc4 Bxc4 20. Rxc4 Nxb2 21.
Nxb2 Bxb2 22. Rb1 Rfb8 23. Bf1 Bd4 24. Rcc1 Rb6 25. Rb3 Rxb3 26. axb3 a5 27. Kg2
a4 28. bxa4 Rxa4 29. Rc2 Kg7 30. Bb5 Ra1 31. Bc4 Re1 32. Kf3 Kf6 33. h4 h6 34.
Bd3 Ra1 35. Ke2 g5 36. hxg5+ hxg5 37. Rd2 g4 38. Rc2 Ke5 39. Rd2 Ra3 40. Rc2
Bxf2 0-1

[Event "SportAccord Blitz Men 2013"]
[Site "Beijing CHN"]
[Date "2013.12.16"]
[Round "30.8"]
[White "Ponomariov, Ruslan"]
[Black "Vachier-Lagrave, Maxime"]
[Result "1/2-1/2"]
[WhiteTitle "GM"]
[BlackTitle "GM"]
[WhiteElo "2731"]
[BlackElo "2745"]
[WhiteFideId "14103320"]
[BlackFideId "623539"]
[EventDate "2013.12.14"]

1. e4 c5 2. Nf3 d6 3. d4 cxd4 4. Nxd4 Nf6 5. Nc3 a6 6. h3 e5 7. Nb3 Be6 8. Be3
Be7 9. g4 Nc6 10. g5 Nd7 11. h4 Nb6 12. Qf3 Nc4 13. Bxc4 Bxc4 14. O-O-O Rc8 15.
Kb1 b5 16. Nd2 Be6 17. Nd5 O-O 18. Qg2 Bxd5 19. exd5 Na5 20. Ne4 Qd7 21. b3 Nb7
22. h5 Qf5 23. f3 Rc7 24. Bb6 Rd7 25. Rhg1 Bd8 26. Be3 Rc7 27. Rd3 a5 28. Qe2
Qh3 29. h6 g6 30. Rg4 f5 31. gxf6 Bxf6 32. Rd1 Be7 33. Rg3 Qf5 34. Bb6 Rcc8 35.
Qxb5 Bh4 36. Rgg1 Qxf3 37. Qd7 Qf7 38. Qg4 Qf4 39. Qd7 Qf7 40. Qg4 Qf4 41. Qd7
Qf7 42. Qg4 1/2-1/2